| 000 | 00449pab a2200157 454500 | ||
|---|---|---|---|
| 008 | 180718b2008 xxu||||| |||| 00| 0 eng d | ||
| 100 | _aCox, Andrew | ||
| 245 | _aRethinking policy options for industry: appropriateness in policies for industry and UK farming and food | ||
| 260 | _c2008 | ||
| 300 | _ap.813-36. | ||
| 650 | _aIndustrial policy | ||
| 700 | _aChicksand, Daniel | ||
| 773 | _aPublic Administration | ||
| 908 | _aN | ||
| 909 | _a79645 | ||
| 999 |
_c79645 _d79645 |
||